LEADER 01088nam a2200253 i 4500 001 000000172141 003 CaOOAMICUS 005 20080604000000.0 008 080604s1967 it u000 u ita u 013 $a149579 040 $aSeMil$bita 100 1 $aPirani, Emma.$0(OLS)http://semarc/name/56418 245 10$aMorte e resurrezione di Milano :$bnell'ottavo centenario del giuramento di Pontida, 1167-1967 /$cEmma Pirani. 260 $aMilano :$b[s.n.],$c1967. 300 $a47 p., [4] c. di tav. ;$c25 cm. 500 $aFondo Card. Giovanni Colombo. 650 4$aMilano - Storia - Sec. 12.$0(OLS)http://semarc/subject/8387 650 4$aMilano - Storia - 1167-1967.$0(OLS)http://semarc/subject/32774 850 $aSeMil 852 $aSeMil$W1$xVenegono$y1$m3O V 8$j123003$B123003$CSeMilBibl$Z2$F138560 $81 941 1 $a3 961 $aLascito: Colombo Card. Giovanni 996 $6245$aMorte e resurrezione di Milano :$bnell'ottavo centenario del giuramento di Pontida, 1167-1967$9(OLS)http://semarc/title/246435 996 $6260$aMilano :$b[s.n.]$9(OLS)http://semarc/publisher/29709 LEADER 01563nam a2200301 i 4500 001 000000216649 003 CaOOAMICUS 005 20160316000000.0 008 160316s2012 xx u000 u mul u 013 $a195544 020 $a978-88-452-7046-8 040 $aSeMil$bita 100 1 $aArmstrong, David Malet.$0(OLS)http://semarc/name/77539 240 10$aUniversali e realismo scientifico (tit. orig.: Universals and scientific realism); Cosa è una legge di natura? (tit. orig.: What is a law of nature?); Un mondo di stati di fatto (tit. orig.: A world of states of affairs).$0(OLS)http://semarc/title/311464 245 10$aRitorno alla metafisica :$buniversali, legge, stati di fatto, verità /$cDavid M. Armstrong ; introduzione, traduzione, note e apparati di Annabella D'Atri. 260 $aMilano :$bBompiani,$c2012. 300 $aXXX, 1979 p. ;$c22 cm. 490 0 $aIl pensiero occidentale 500 $aTesto originale inglese a fronte. 650 4$aMetafisica.$0(OLS)http://semarc/subject/188 700 1 $aD'Atri, Annabella.$0(OLS)http://semarc/name/76636 830 0$aBompiani Il pensiero occidentale.$0(OLS)http://semarc/title/10111 850 $aSeMil 852 $aSeMil$W1$xVenegono$y1$m2OA II 437$j167066$B167066$CSeMilBibl$Z2$F177874 $81 961 $aAcquisto: Ancora 996 $6020$a978-88-452-7046-8$9(OLS)http://semarc/number/213735 996 $6245$aRitorno alla metafisica :$buniversali, legge, stati di fatto, verità$9(OLS)http://semarc/title/311463 996 $6260$aMilano :$bBompiani$9(OLS)http://semarc/publisher/29706